Edebi Aforizmalar (Record no. 3768)

000 -LEADER
fixed length control field 00467nam a22001817a 4500
008 - FIXED-LENGTH DATA ELEMENTS--GENERAL INFORMATION
fixed length control field 190817b o|||| |||| 00| | eng d
020 ## - INTERNATIONAL STANDARD BOOK NUMBER
International Standard Book Number 9786051030678
041 ## - LANGUAGE CODE
Language code of text/sound track or separate title Türkçe
050 ## - LIBRARY OF CONGRESS CALL NUMBER
Classification number PL248.E76
100 ## - MAIN ENTRY--PERSONAL NAME
9 (RLIN) 1468
Personal name Eroğlu, Mehmet
245 ## - TITLE STATEMENT
Title Edebi Aforizmalar
250 ## - EDITION STATEMENT
Edition statement 1.Basım
260 ## - PUBLICATION, DISTRIBUTION, ETC.
Place of publication, distribution, etc. İstanbul:
Name of publisher, distributor, etc. Agora Kitaplığı,
Date of publication, distribution, etc. Nisan 2010
300 ## - PHYSICAL DESCRIPTION
Extent 276 Sayfa
500 ## - GENERAL NOTE
General note Türkçe Edebiyat ; 38
650 #0 - SUBJECT ADDED ENTRY--TOPICAL TERM
9 (RLIN) 145
Topical term or geographic name entry element Türk Edebiyatı
942 ## - ADDED ENTRY ELEMENTS (KOHA)
Source of classification or shelving scheme
Koha item type Books
Holdings
Withdrawn status Lost status Source of classification or shelving scheme Damaged status Not for loan Permanent Location Current Location Shelving location Date acquired Full call number Barcode Date last seen Price effective from Koha item type
        Ödünç verilemez İmren Ahmet Tüzün Kütüphanesi İmren Ahmet Tüzün Kütüphanesi Ahmet Tüzün 2019-08-17 PL248.E76 100100003922 2019-08-17 2019-08-17 Books

This software was implemented, installed and managed by Devinim Software Training Consulting .